000
002150000a22000970004500
100
1
_a
Miller, Randy
245
1
0
_a
I cannot forget the war
300
_a
Núm 46 (1995), Páginas 6-7
773
0
_t
Together
942
_c
ANA
999
_c
57214
_d
57214